000 00566nam a2200229Ia 4500
003 OSt
005 20220924151950.0
006 a|||||r|||| 00| 0
007 ta
008 220923b |||||||| |||| 00| 0 mar d
024 _a340135
037 _cTextual
040 _aARTS
_cARTS
_bmar
041 _2mar
_amar
082 _aO155,1N12,1, K2
100 _aKusumagraj
_9225409
245 0 _aSwgat
260 _c1962
650 _aMARATHI LITERATURE
_938000
942 _hO155,1N12,1, K2
_cTEXL
_2CC
999 _c468211
_d468211